000 01423nam a22003737a 4500
003 CHAP
005 20220329143237.0
008 070731d2007 mx abd r 00110 spa d
010 _a93849
011 _a94821
035 _a105419
040 _cCHAP
090 _aTesis
100 1 _aCampos Rico, Felipe
_918134
245 1 0 _aAnálisis económico para el establecimiento de una unidad de producción de hongos comestibles (Pleurotus sp.) en Villagran, Guanajuato
_c/por Felipe Campos Rico
260 _aChapingo, Méx. :
_bEl autor,
_c2007.
300 _a97 h. :
_bilus. ; gráfs. ; mapas ; cuad. ; diag.
502 _aTesis (Ing. Agroindustrial) -- UACH. Departamento de Ingeniería Agroindustrial
590 _aALEPH
_b10
_c20130110
_lUCH01
_h1518
590 _aBATCH-UPD
_b10
_c20130110
_lUCH01
_h1709
590 _aBATCH-UPD
_b10
_c20130410
_lUCH01
_h1055
590 _aBATCH-UPD
_b10
_c20130914
_lUCH01
_h1123
590 _aCONVERSION
_b10
_c20130109
_lUCH01
_h1352
650 1 4 _aCultivos
_xGuanajuato.
_930278
650 1 4 _aHongos comestibles.
_956124
650 1 4 _aPleurotus.
_989173
650 1 4 _aSetas
_xCostos de producción.
_9105372
650 1 4 _aSetas
_xRendimiento.
_9105381
901 _aBK
905 _aMarco A. Mendoza T.
942 _cFOLL
949 _aTesis
_bBC
_cTES
_d33724002036173
_eTS1
_gDonaciØn
_h47014
_i105419
_sb
949 _aTesis
_bBC
_cTES
_d33724002036181
_eTS2
_fc.2
_gDonaciØn
_h47015
_i105419
_si
999 _c93849
_d93849